000 00370nam a22001451a 4500
082 _aM3
_bPRA/J
100 _aPrabhakaran N
245 _aJanthujanam/
_cby Prabhakaran N
260 _aKottayam:
_bSahitya Pravartaka Co-operative Society,
_c1998.
300 _a86p.
650 _aNovel Malayalam
650 _aLiterature Malayalam
650 _aLiterature
942 _cBK
999 _c21510
_d21510